Introducción al catecismo de la Iglesia Católica
保存先:
| 主要な著者: | , |
|---|---|
| フォーマット: | 図書 |
| 言語: | スペイン語 |
| 出版事項: |
Madrid
Ciudad Nueva
1994
|
| 主題: | |
| タグ: |
タグ追加
タグなし, このレコードへの初めてのタグを付けませんか!
|
MARC
| LEADER | 00000nam a2200000 a 4500 | ||
|---|---|---|---|
| 001 | UCS7387 | ||
| 003 | CL-VaPUC | ||
| 008 | 971010e19940000SP |||||||||||||||||spa|d | ||
| 082 | 0 | 4 | |a 238.2 |b RAT |2 21 |
| 100 | 0 | |a Ratzinger, Joseph |e author |9 392467 | |
| 700 | 0 | |a Schönborn, Christoph |e author |9 392468 | |
| 245 | 1 | 0 | |a Introducción al catecismo de la Iglesia Católica |
| 300 | |a 111 p | ||
| 942 | |c BK | ||
| 945 | |d 19971010 00:00:00 |a aalvarez | ||
| 260 | |a Madrid |b Ciudad Nueva |c 1994 | ||
| 600 | 0 | |a Iglesia católica |9 255129 | |
| 650 | 7 | |a CATECISMO Y CREDOS |2 CL-VaPUC |9 392469 | |
| 650 | 0 | |a Catolicismo |9 258690 | |
| 583 | |a last modification |c 19971010 00:00:00 |k Rodrigo Vera | ||
| 999 | |c 262499 |d 262497 | ||
| 952 | |0 0 |1 0 |4 0 |6 238_200000000000000_RAT_1994 |7 0 |8 A |9 291039 |a BIBTEO |b BIBTEO |d 2019-11-19 |i 202408K |o 238.2 RAT 1994 |p 202408K |r 2025-01-17 |w 2019-11-19 |y BK |k ICR | ||